000 00654nam a2200229Ia 4500
003 OSt
005 20221005133757.0
006 a|||||r|||| 00| 0
007 ta
008 221004b |||||||| |||| 00| 0 pan d
024 _a42396
037 _cTextual
040 _aCRL
_cCRL
_bpan
041 _2pan
_apan
082 _aO153,3:g, M8
100 _aਫਰੈ੍ਵਕ
245 0 _aਨਿੱਕੀ ਕਹਾਣੀ ਅਤੇ ਪੰਜਾਬੀ ਨਿੱਕੀ ਕਹਾਣੀ
260 _c1988
650 _aਪੰਜਾਬੀ ਸਾਹਿਤ
942 _hO153,3:g, M8
_cTEXL
_2cc
999 _c1067853
_d1067853